000
00242nam a22000977a 4500
008
170124b xxu||||| |||| 00| 0 eng d
041
_a
eng
080
_2
4TH
_a
618.2
245
_a
LEADING AND MANAGING IN NURSING
_c
YODER-WISE, P.S
942
_2
udc
_c
BK
999
_c
3464
_d
3464